Guatemala: elecciones 1990 II
Gardado en:
| Autor Corporativo: | |
|---|---|
| Formato: | Texto |
| Publicado: |
s.l:
s.e
|
| Etiquetas: |
Engadir etiqueta
Sen Etiquetas, Sexa o primeiro en etiquetar este rexistro!
|
MARC
| LEADER | 00000 a a2200000 04500 | ||
|---|---|---|---|
| 001 | 23937 | ||
| 003 | |||
| 040 | |||
| 090 | |a 169200 | ||
| 110 | |a Cámara de la Libre Empresa de Guatemala | ||
| 245 | |a Guatemala: elecciones 1990 II | ||
| 260 | |a s.l: |b s.e | ||
| 300 | |a 60 p | ||
| 999 | |c 10217 |d 10217 | ||
